| 000 | 00673nam a22002057a 4500 | ||
|---|---|---|---|
| 999 |
_c160633 _d160633 |
||
| 005 | 20190213160508.0 | ||
| 010 | _aENG-124760 | ||
| 020 |
_a9789382591375 _c295.00 |
||
| 035 | _aEN-108292 | ||
| 037 | _bDBAD/PUB | ||
| 082 | _a954.084 | ||
| 245 |
_aIndo-british encounter R.B.Patankar/ _cedited by Ashok Joshi [and] Aroon Tikekar |
||
| 260 |
_aPune _bPradeep Champanerkar _c2014 |
||
| 270 |
_aDhavalgiri, 430 Shaniwar Peth _bPune _e411030 _k020-24480686 _mwww.rohanprakashan.cpm |
||
| 300 |
_a271p. _c22cm(pbk) |
||
| 500 | _aincludes bibliographical references | ||
| 700 | _aJoshi Ashok | ||
| 700 | _aTikekar Aroon | ||
| 942 |
_2ddc _cEN _h954.084 _mIND |
||